000 00950nam a22003017a 4500
001 6305
003 FISKH
005 20250409150911.0
008 250409b cb ||||| |||| 00| 0 eng d
020 _a9780545919814
040 _aFISKH
_beng
_cFISKH
_dFISKH
050 _aPZ7.H1996 S
082 _a560
100 _aHapka, Catherine
245 _aDolphin School :
_bSplash's secret friend /
_cby Catherine Hapka ; Illustrated by Hollie Hibbert
250 _aThis edition first published in 2015
260 _aNew York :
_bScholastic,
_c2015
300 _a95 pages :
_billustrations ;
_c20 cm
505 _aN
520 _aWhen Splash doesn't show up to dolphin school on time, Pearl, Echo, and Flip are worried.
521 8 _a530
_bLexile
521 8 _aN
_bRaz-Plus
650 _2Animals
_aFriendship
650 _2Chapter book
_aImagination
700 _aHibbert, Catherine
_dillustrator
942 _2ddc
_cBK
_n0
999 _c6305
_d6305